El hermano fuego: vestigios del incendio en la Iglesia de San Francisco Cerro Barón, Valparaíso 2 de septiembre de 2010
Guardado en:
| Autores principales: | , |
|---|---|
| Formato: | Libro |
| Lenguaje: | español |
| Publicado: |
Valparaíso
Universitarias
2010
|
| Edición: | 1a. ed |
| Materias: | |
| Etiquetas: |
Agregar Etiqueta
Sin Etiquetas, Sea el primero en etiquetar este registro!
|
MARC
| LEADER | 00000nam a2200000 a 4500 | ||
|---|---|---|---|
| 001 | UCG6574 | ||
| 003 | CL-VaPUC | ||
| 008 | 110509e20100000CL |||||||||||||||||spa|d | ||
| 020 | |a 9789561704770 | ||
| 082 | 0 | 4 | |a 983 |b BOR |2 21 |
| 100 | 0 | |a Bork Vega, Luis |e author |9 556839 | |
| 651 | 0 | |a Valparaíso, Chile |9 261144 | |
| 700 | 0 | |a Salomó Flores, Jorge |e author |9 556840 | |
| 245 | 1 | 3 | |a El hermano fuego: vestigios del incendio en la Iglesia de San Francisco Cerro Barón, Valparaíso 2 de septiembre de 2010 |
| 250 | |a 1a. ed | ||
| 300 | |a 110 p | ||
| 942 | |c BK | ||
| 945 | |d 20110509 00:00:00 |a jcampos | ||
| 260 | |a Valparaíso |b Universitarias |c 2010 | ||
| 600 | 0 | 7 | |a IGLESIA DE SAN FRANCISCO |2 CL-VaPUC |9 556841 |
| 650 | 7 | |a CATASTROFES NACIONALES |2 CL-VaPUC |9 507212 | |
| 650 | 0 | |a Historia local |9 266584 | |
| 650 | 0 | |a Incendios |9 359318 | |
| 650 | 0 | |a Ilustraciones |9 369481 | |
| 583 | |a last modification |c 20110509 00:00:00 |k Rodrigo Vera | ||
| 999 | |c 344752 |d 344750 | ||
| 952 | |0 0 |1 0 |4 0 |6 983_000000000000000_BOR_2010 |7 0 |8 X |9 442923 |a FDOBUD |b FDOBUD |d 2019-11-22 |i 4772563 |o 983 BOR 2010 |p 4772563 |r 2019-11-22 |w 2019-11-22 |y BK_X |k BUD | ||